[Event "Lichtenberger Sommer 2024"]
[Site "Berlin"]
[Date "2024.08.13"]
[Round "4.22"]
[White "Geyler, Stefan"]
[Black "Rath, Alina"]
[Result "1/2-1/2"]
[WhiteElo "1886"]
[BlackElo "2020"]
[PlyCount "120"]
[EventDate "2024.08.10"]
[WhiteTeam "BSG 1827 Eckbauer e.V."]
[BlackTeam "SK König Tegel 1949 e.V."]

1. e4 c5 2. Nf3 Nc6 3. Bb5 a6 4. Bxc6 dxc6 5. O-O Qc7 6. a4 a5 7. d4 cxd4 8.
Qxd4 Nf6 9. Re1 e6 10. Na3 Be7 11. Bg5 O-O 12. e5 Nd5 13. Bxe7 Qxe7 14. Rad1
Qb4 15. c4 Ne7 16. Qd6 Nf5 17. Qc7 Qe7 18. Qxe7 Nxe7 19. Rd3 Rb8 20. Red1 b6
21. h4 h6 22. h5 c5 23. b3 Bb7 24. Rd7 Nf5 25. Nb5 Be4 26. Ne1 Bc6 27. R7d3 Be4
28. R3d2 Bc6 29. Rd3 Bxb5 30. axb5 Nd4 31. Nf3 Ne2+ 32. Kh2 Nf4 33. Rd6 Nxh5
34. R1d2 g5 35. g4 Nf4 36. Kg3 Rb7 37. Rc6 Rfb8 38. Rcd6 Kg7 39. Rc6 Kg6 40.
Nh4+ Kg7 41. Nf3 Ra8 42. Rdd6 Ne2+ 43. Kg2 Rab8 44. Rd1 Kg6 45. Rcd6 h5 46.
gxh5+ Kxh5 47. Re1 Nf4+ 48. Kg3 Rg8 49. Rh1+ Kg6 50. Kg4 Ne2 51. Rh5 Nc1 52.
Rxg5+ Kh7 53. Rxg8 Kxg8 54. Nd2 Ne2 55. Ne4 Kg7 56. Kg5 Nd4 57. Nf6 Rb8 58. Nd7
Rb7 59. Nf6 Rb8 60. Nd7 Rb7 1/2-1/2

[Event "Lichtenberger Sommer 2024"]
[Site "Berlin"]
[Date "2024.08.13"]
[Round "4.23"]
[White "Oppermann, Peter"]
[Black "Stark, Ingo"]
[Result "0-1"]
[WhiteElo "1872"]
[BlackElo "2020"]
[PlyCount "70"]
[EventDate "2024.08.10"]
[WhiteTeam "SK Bad Harzburg"]
[BlackTeam "TSG Oberschöneweide e.V."]

1. d4 b5 2. e3 Bb7 3. Nf3 a6 4. Bd3 Nf6 5. Nbd2 e6 6. O-O d6 7. b3 Nbd7 8. Bb2
c5 9. Re1 Be7 10. c4 b4 11. Qe2 O-O 12. dxc5 Nxc5 13. Bc2 e5 14. e4 Qc7 15. h3
Nh5 16. g3 g6 17. Kh2 Bf6 18. Rg1 Bc6 19. Nf1 Qe7 20. h4 Qe6 21. N3d2 Bd7 22.
Rh1 Bg7 23. Ne3 Rab8 24. Kg2 Bh6 25. Nd5 Bc6 26. Nf1 f5 27. f3 Nf6 28. Nxf6+
Rxf6 29. Re1 fxe4 30. fxe4 Rbf8 31. Qd1 Rf3 32. Qxf3 Rxf3 33. Kxf3 Qf5+ 34. Kg2
Nxe4 35. Kg1 Qf2# 0-1

[Event "Lichtenberger Sommer 2024"]
[Site "Berlin"]
[Date "2024.08.13"]
[Round "4.24"]
[White "Bongardt, Livius"]
[Black "Pueschel, Werner"]
[Result "1-0"]
[WhiteElo "1875"]
[BlackElo "2013"]
[PlyCount "65"]
[EventDate "2024.08.10"]
[WhiteTeam "TSG Oberschöneweide e.V."]
[BlackTeam "vereinslos"]

1. e4 d5 2. exd5 Qxd5 3. Nc3 Qd6 4. d4 Nf6 5. Nf3 a6 6. g3 Bg4 7. Bg2 Nc6 8.
O-O e6 9. h3 Bh5 10. g4 Bg6 11. Be3 Be7 12. Ne5 Nd5 13. Nxc6 Qxc6 14. Nxd5 exd5
15. c4 Qxc4 16. Rc1 Qb5 17. Rxc7 Bd6 18. Rc3 Qxb2 19. Qb3 Qxb3 20. Rxb3 O-O-O
21. Bxd5 Bh2+ 22. Kxh2 Rxd5 23. Rc1+ Kb8 24. Rc6 Ka8 25. Rc7 b5 26. Ra3 Rd6 27.
Bf4 Rb6 28. d5 b4 29. Ra5 Be4 30. d6 Bb7 31. Rxf7 Rc6 32. d7 h6 33. Re7 1-0

[Event "Lichtenberger Sommer 2024"]
[Site "Berlin"]
[Date "2024.08.13"]
[Round "4.25"]
[White "Liu, Jonas"]
[Black "Buttkus, Andre"]
[Result "1/2-1/2"]
[WhiteElo "1870"]
[BlackElo "2005"]
[PlyCount "82"]
[EventDate "2024.08.10"]

1. d4 d5 2. Nf3 Nf6 3. g3 e6 4. Bg2 Be7 5. O-O O-O 6. c4 dxc4 7. Qc2 b6 8. Bg5
Nd5 9. Bxe7 Qxe7 10. Rc1 Nd7 11. Qxc4 Bb7 12. Nc3 Nxc3 13. Rxc3 c5 14. dxc5
Nxc5 15. Ne5 Bxg2 16. Kxg2 Qb7+ 17. f3 a5 18. Rd1 Rfd8 19. Nd3 Qd5 20. Qh4 f6
21. a3 Qd4 22. Qxd4 Rxd4 23. b4 axb4 24. axb4 Nxd3 25. Rdxd3 Rxd3 26. Rxd3 Ra4
27. Rb3 Kf7 28. Kf2 e5 29. Ke3 Ke6 30. Kd3 b5 31. e4 Ra2 32. h4 Kd6 33. Ke3 Ke6
34. h5 g6 35. hxg6 hxg6 36. f4 exf4+ 37. gxf4 Rh2 38. Kd4 Rf2 39. Ke3 Rh2 40.
Kd4 Rf2 41. Ke3 Rh2 1/2-1/2

[Event "Lichtenberger Sommer 2024"]
[Site "Berlin"]
[Date "2024.08.13"]
[Round "4.26"]
[White "Kuban, Andreas"]
[Black "Guenther, Thomas"]
[Result "1/2-1/2"]
[WhiteElo "1866"]
[BlackElo "1996"]
[PlyCount "100"]
[EventDate "2024.08.10"]
[WhiteTeam "SSV Rotation Berlin e.V."]
[BlackTeam "vereinslos"]

1. d4 Nf6 2. c4 e6 3. Nc3 Bb4 4. f3 O-O 5. a3 Bxc3+ 6. bxc3 d6 7. e4 b6 8. Bd3
e5 9. Be3 Re8 10. Ne2 Nc6 11. O-O Na5 12. Ng3 Ba6 13. Qe2 c5 14. d5 Bc8 15. h3
Nd7 16. Nf5 Nf8 17. Qf2 Qf6 18. g4 Ng6 19. g5 Qd8 20. Qg3 Ba6 21. h4 Bxc4 22.
Bxc4 Nxc4 23. Bc1 f6 24. Ra2 Rb8 25. Rg2 Nf4 26. Nxg7 fxg5 27. Nxe8 Nxg2 28.
Bxg5 Qxe8 29. Kxg2 Qg6 30. Qg4 Kh8 31. h5 Qg7 32. h6 Qg6 33. Kh2 Rf8 34. Rg1 a5
35. Qh3 Qf7 36. Rg3 Rg8 37. Qh4 Rg6 38. Bc1 Rxg3 39. Kxg3 Qg6+ 40. Kh3 Kg8 41.
Qd8+ Kf7 42. Bg5 Nxa3 43. Qe7+ Kg8 44. Kg3 Nc4 45. Kf2 a4 46. Qd8+ Kf7 47. Qe7+
Kg8 48. Qd8+ Kf7 49. Qe7+ Kg8 50. Qd8+ Kf7 1/2-1/2

[Event "Lichtenberger Sommer 2024"]
[Site "Berlin"]
[Date "2024.08.13"]
[Round "4.27"]
[White "Eis, Cedric"]
[Black "Shvedchikov, Sergei"]
[Result "1/2-1/2"]
[WhiteElo "1860"]
[BlackElo "1993"]
[PlyCount "185"]
[EventDate "2024.08.10"]
[WhiteTeam "SF Berlin 1903 e.V."]

1. e4 c6 2. Nc3 d5 3. Nf3 dxe4 4. Nxe4 Nf6 5. Qe2 Nxe4 6. Qxe4 Qd5 7. Qh4 Qe6+
8. Be2 Qg4 9. Qg3 Na6 10. Bxa6 Qxg3 11. hxg3 bxa6 12. Rh4 g6 13. d3 Bg7 14. Rb1
Rb8 15. b3 e5 16. Be3 Rb7 17. g4 f6 18. g5 f5 19. g3 O-O 20. Kf1 Re8 21. Nd2
Rf7 22. Re1 Bf8 23. Nc4 c5 24. Na5 Bd6 25. Bd2 Bc7 26. Bc3 Re6 27. Rc4 Bd7 28.
Rxc5 Bxa5 29. Bxa5 e4 30. d4 f4 31. Kg2 e3 32. fxe3 fxe3 33. Re5 Rxe5 34. dxe5
Bc6+ 35. Kg1 Rf3 36. e6 Rxg3+ 37. Kh2 Rg2+ 38. Kh3 e2 39. Bd2 Bf3 40. Be3 Rg4
41. e7 Kf7 42. c4 Kxe7 43. Rc1 Kd6 44. c5+ Kc6 45. a3 a5 46. Kh2 a6 47. Kh3 Re4
48. Bf2 Re5 49. Kg3 Bd5 50. Kf4 Re4+ 51. Kg3 Bxb3 52. Rb1 Bd1 53. Rb6+ Kd5 54.
Rd6+ Kc4 55. c6 Re8 56. c7 Rc8 57. Rd7 Kb5 58. Be1 Bc2 59. Rxh7 Kb6 60. Re7 Bd3
61. Kf2 Rf8+ 62. Ke3 Bb5 63. Re6+ Kxc7 64. Rxg6 Re8+ 65. Kf2 a4 66. Rf6 Bd3 67.
g6 Rg8 68. Rf7+ Kc6 69. g7 Bc4 70. Rf6+ Kd5 71. Rf7 Kd4 72. Rd7+ Ke4 73. Re7+
Kf5 74. Ke3 Kf6 75. Rc7 Bb5 76. Kf2 Kg6 77. Bc3 Re8 78. Ke1 Kh7 79. Rf7 Rg8 80.
Rf8 Bc4 81. Rxg8 Kxg8 82. Bd4 Kh7 83. Be5 Kg6 84. Bc3 Kf5 85. g8=Q Bxg8 86.
Kxe2 Ke4 87. Kd2 Bb3 88. Kc1 Kd3 89. Bb4 Bc2 90. Kb2 Bd1 91. Be7 Kc4 92. Bd6
Kd5 93. Bb4 1/2-1/2

[Event "Lichtenberger Sommer 2024"]
[Site "Berlin"]
[Date "2024.08.13"]
[Round "4.28"]
[White "Scholz, Alexander"]
[Black "Lange, Malina"]
[Result "0-1"]
[WhiteElo "1977"]
[BlackElo "1859"]
[PlyCount "134"]
[EventDate "2024.08.10"]
[WhiteTeam "Sfr.Heidesheim"]
[BlackTeam "SV Mattnetz Berlin e.V."]

1. e4 c5 2. Nc3 d6 3. f4 g6 4. Nf3 Bg7 5. Bb5+ Bd7 6. Bc4 Nc6 7. O-O e6 8. f5
Nf6 9. e5 Nxe5 10. Nxe5 dxe5 11. fxe6 fxe6 12. d3 O-O 13. Bg5 Qb6 14. Qd2 Bc6
15. Bxe6+ Kh8 16. Bb3 Ng4 17. Bc4 e4 18. h3 Bd4+ 19. Kh1 e3 20. Qe2 Nf2+ 21.
Kg1 Qxb2 22. Nd5 Bxd5 23. Bxd5 Rae8 24. Rab1 Qc3 25. Bf3 b6 26. Kh2 Qa3 27. Bh6
Rf7 28. Rxf2 Be5+ 29. Kh1 exf2 30. Bd5 f1=Q+ 31. Rxf1 Rxf1+ 32. Qxf1 Qc3 33.
Bf7 Re7 34. Bc4 Qa1 35. Qxa1 Bxa1 36. Kg1 Bg7 37. Bf4 Re2 38. Bb8 Bd4+ 39. Kf1
Re7 40. Bd6 Re8 41. Bg3 Kg7 42. a4 Bc3 43. Bd5 Kf6 44. Be4 Be5 45. Be1 Bc7 46.
Ke2 c4 47. Bc3+ Be5 48. d4 Bd6 49. Kf3 a5 50. Bd2 Rb8 51. Bc6 Rc8 52. d5 g5 53.
Ke4 Bb4 54. Be3 Bc5 55. Bd2 Rf8 56. Bb5 h6 57. Bxc4 Ke7 58. Be1 Rf4+ 59. Kd3
Rd4+ 60. Kc3 Re4 61. d6+ Kd8 62. Bd2 Bb4+ 63. Kd3 Rxc4 64. Bxg5+ hxg5 65. Kxc4
Bxd6 66. Kd5 Kd7 67. c4 Kc7 0-1

[Event "Lichtenberger Sommer 2024"]
[Site "Berlin"]
[Date "2024.08.13"]
[Round "4.29"]
[White "Shevlyakov, Aleksandr"]
[Black "Witte, Ronald"]
[Result "0-1"]
[WhiteElo "1824"]
[BlackElo "1972"]
[PlyCount "120"]
[EventDate "2024.08.10"]
[BlackTeam "BSV 63 Chemie Weißensee"]

1. d4 Nf6 2. c4 e6 3. g3 d5 4. Bg2 Be7 5. Nf3 O-O 6. O-O dxc4 7. Qc2 a6 8. a4
Bd7 9. Qxc4 Bc6 10. Bg5 Nbd7 11. Nc3 h6 12. Bxf6 Nxf6 13. Rfd1 Qe8 14. Ne5 Bxg2
15. Kxg2 Bd6 16. h4 c5 17. Nf3 cxd4 18. Qxd4 Rd8 19. Ne4 Nxe4 20. Qxe4 Qe7 21.
a5 Bb4 22. Rxd8 Rxd8 23. Ra4 Bc5 24. b4 Ba7 25. b5 axb5 26. Rb4 Qc5 27. e3 Rd1
28. Rb2 Qd5 29. Qb4 Ra1 30. Qxb5 Qd1 31. g4 Qh1+ 32. Kg3 Bb8+ 33. Ne5 Rg1+ 34.
Kf4 Qh2+ 35. Ke4 Bxe5 36. Qxe5 Rxg4+ 37. f4 Qh1+ 38. Kd3 Qd1+ 39. Kc4 Qa4+ 40.
Rb4 Qc6+ 41. Qc5 Qd7 42. Qa7 Qd5+ 43. Kc3 Rg1 44. Rd4 Rc1+ 45. Kb2 Qc6 46. Rd8+
Kh7 47. Qd4 Qc2+ 48. Ka3 Qc7 49. Qd3+ f5 50. Kb2 Rg1 51. Qd2 Qc6 52. Qc3 Qb5+
53. Ka3 Ra1+ 54. Qxa1 Qxa5+ 55. Kb2 Qxd8 56. Qa7 Qd5 57. Kc3 Qc6+ 58. Kd3 Qa6+
59. Qxa6 bxa6 60. Kc4 g5 0-1

[Event "Lichtenberger Sommer 2024"]
[Site "Berlin"]
[Date "2024.08.13"]
[Round "4.30"]
[White "Ollhoff, Hannes"]
[Black "Alten, Silvio"]
[Result "0-1"]
[WhiteElo "1802"]
[BlackElo "1948"]
[PlyCount "40"]
[EventDate "2024.08.10"]
[WhiteTeam "TSG Oberschöneweide e.V."]
[BlackTeam "SV Mattnetz Berlin e.V."]

1. d4 d5 2. Nf3 Nf6 3. c3 e6 4. Bf4 Bd6 5. Bg3 O-O 6. Nbd2 c5 7. e3 Nc6 8. Bd3
Re8 9. O-O e5 10. dxe5 Nxe5 11. Nxe5 Bxe5 12. Bxe5 Rxe5 13. Nf3 Rh5 14. c4 Bg4
15. cxd5 Rxd5 16. Qa4 Bxf3 17. Bc4 Rg5 18. Bxf7+ Kxf7 19. Qf4 Rxg2+ 20. Kh1
Rg3+ 0-1

[Event "Lichtenberger Sommer 2024"]
[Site "Berlin"]
[Date "2024.08.13"]
[Round "4.31"]
[White "Idaczek, Günter"]
[Black "Allington, John C"]
[Result "1-0"]
[WhiteElo "1948"]
[BlackElo "1735"]
[PlyCount "77"]
[EventDate "2024.08.10"]
[WhiteTeam "SG NARVA Berlin e.V."]

1. Nf3 d5 2. d3 c5 3. Nbd2 Nc6 4. g3 e5 5. e4 d4 6. c4 Nf6 7. Bg2 Be7 8. a3 O-O
9. O-O Ne8 10. Qe2 Be6 11. Ne1 a6 12. f4 f6 13. f5 Bf7 14. Qg4 b5 15. b3 bxc4
16. bxc4 Rb8 17. Nef3 Qa5 18. Nh4 Qc3 19. Ra2 Qxd3 20. Ng6 Qe3+ 21. Kh1 Qg5 22.
Qxg5 fxg5 23. Nxf8 Kxf8 24. Rb2 Nd6 25. Rxb8+ Nxb8 26. Re1 Nxc4 27. Nf3 h6 28.
Bf1 Nc6 29. g4 N6a5 30. Bd2 Nxd2 31. Nxd2 c4 32. Rb1 Bxa3 33. Nf3 Nc6 34. Rb6
Nb4 35. Nxe5 c3 36. Rb8+ Be8 37. Ng6+ Kf7 38. Bc4+ Kf6 39. e5# 1-0

[Event "Lichtenberger Sommer 2024"]
[Site "Berlin"]
[Date "2024.08.13"]
[Round "4.32"]
[White "Nguyen, Phuc Nhat"]
[Black "Sauer, Jakob"]
[Result "1-0"]
[WhiteElo "1943"]
[BlackElo "1644"]
[PlyCount "77"]
[EventDate "2024.08.10"]
[WhiteTeam "TSG Oberschöneweide e.V."]
[BlackTeam "TSG Oberschöneweide e.V."]

1. e4 e5 2. Nf3 Nc6 3. Bc4 Bc5 4. d3 Nf6 5. Nc3 d6 6. h3 h6 7. a3 Nd4 8. Nxd4
Bxd4 9. Ne2 Bb6 10. Ng3 c6 11. Qf3 Qe7 12. Be3 Bxe3 13. fxe3 Be6 14. O-O O-O-O
15. Nf5 Bxf5 16. Qxf5+ Rd7 17. Rae1 Rf8 18. d4 Kb8 19. Ba2 Ne8 20. c4 f6 21. b4
Nc7 22. d5 c5 23. bxc5 dxc5 24. Bb3 Ne8 25. Ba4 Rc7 26. Bxe8 Rxe8 27. Rd1 Rd7
28. Rd3 Rd6 29. Rb1 Kc7 30. Rdb3 b6 31. a4 a5 32. Qf2 Rb8 33. Qd2 Rdd8 34. Rb5
Qf8 35. Rxa5 Ra8 36. Rab5 Rdb8 37. a5 Ra6 38. axb6+ Raxb6 39. Qa5 1-0

[Event "Lichtenberger Sommer 2024"]
[Site "Berlin"]
[Date "2024.08.13"]
[Round "4.33"]
[White "Uhlenbrock, Sven"]
[Black "Beduschi, Ben"]
[Result "1/2-1/2"]
[WhiteElo "1780"]
[BlackElo "1941"]
[PlyCount "136"]
[EventDate "2024.08.10"]
[WhiteTeam "vereinslos"]
[BlackTeam "Barnimer SF im SV Sta"]

1. d4 Nf6 2. Bf4 g6 3. e3 d6 4. Nf3 Bg7 5. h3 O-O 6. Be2 c5 7. O-O Qb6 8. Nbd2
cxd4 9. Nc4 Qc7 10. exd4 b5 11. Ne3 a6 12. c3 Nbd7 13. Ne1 Nb6 14. Nd3 Bb7 15.
Bh2 Rfc8 16. Re1 Qd7 17. Bf3 Bxf3 18. Qxf3 a5 19. a3 Nc4 20. Nf1 e6 21. Ne3 Qc6
22. Qe2 Nd7 23. Rad1 Ndb6 24. Qc2 Rab8 25. Qb3 Na8 26. Bg3 Nc7 27. Re2 Na6 28.
Nc2 Rb7 29. Rde1 Rcb8 30. Qa2 Nc7 31. Ne3 Nxe3 32. fxe3 Na6 33. Ra1 Qc4 34. Qb1
Rb6 35. Qd1 b4 36. axb4 axb4 37. Nxb4 Nxb4 38. cxb4 Qxb4 39. Ra7 R6b7 40. Rxb7
Rxb7 41. Qc2 Bf8 42. Bf4 Qb6 43. Qc1 Rc7 44. Qd2 Rc4 45. Kf2 e5 46. Bg5 exd4
47. exd4 Qxd4+ 48. Qxd4 Rxd4 49. Re8 Kg7 50. Bh6+ Kxh6 51. Rxf8 f5 52. Rd8 Kg5
53. b4 Kf4 54. b5 Rd2+ 55. Kf1 Ke5 56. b6 Rb2 57. Rd7 Rxb6 58. Rxh7 Rb2 59. h4
f4 60. Rg7 Kf5 61. Rd7 Rd2 62. Rf7+ Ke6 63. Rxf4 d5 64. Rg4 Kf5 65. Rg5+ Kf6
66. Ke1 Rd4 67. Ke2 Re4+ 68. Kf3 Rxh4 1/2-1/2

[Event "Lichtenberger Sommer 2024"]
[Site "Berlin"]
[Date "2024.08.13"]
[Round "4.34"]
[White "Rosmait, Emily"]
[Black "Aisch, Julian"]
[Result "1-0"]
[WhiteElo "1939"]
[BlackElo "1622"]
[PlyCount "125"]
[EventDate "2024.08.10"]
[WhiteTeam "TuRa Harksheide von 1945 Norders"]
[BlackTeam "SF Nordost Berlin"]

1. Nf3 Nf6 2. g3 e6 3. Bg2 d5 4. O-O Be7 5. d4 O-O 6. Nbd2 c5 7. c3 Nc6 8. Re1
b6 9. e4 dxe4 10. Ne5 Bb7 11. Nxe4 Rc8 12. Qa4 Nxe4 13. Bxe4 Nxe5 14. Bxb7 Rc7
15. Bg2 Nd3 16. Rd1 Nxc1 17. Raxc1 Qc8 18. d5 exd5 19. Rxd5 Rd8 20. Rcd1 Rxd5
21. Rxd5 h6 22. Bf3 Qb8 23. Bg4 Qb7 24. Qe4 Bf8 25. Bd1 Re7 26. Qd3 Re1+ 27.
Kg2 Re5 28. Bf3 Rxd5 29. Bxd5 Qe7 30. Qf5 Qc7 31. h4 Bd6 32. g4 Bf4 33. Be4 g6
34. Qd5 Kg7 35. h5 Qd6 36. Qb7 Qc7 37. Kf3 Qxb7 38. Bxb7 Bc1 39. hxg6 Kxg6 40.
b3 Bb2 41. Ke4 Bxc3 42. Kd5 Kg5 43. f3 Kf4 44. Kc4 Bb4 45. Kb5 f5 46. Bc8 fxg4
47. fxg4 a5 48. Kxb6 Ke3 49. Kb5 Kd4 50. Be6 Bd2 51. Bc4 Bb4 52. Ka4 Ke3 53. a3
Be1 54. Kb5 Kd4 55. Bf7 Bd2 56. Bg8 Bc3 57. Be6 Bb2 58. b4 axb4 59. a4 Kc3 60.
a5 b3 61. a6 Bc1 62. a7 b2 63. Bf5 1-0

[Event "Lichtenberger Sommer 2024"]
[Site "Berlin"]
[Date "2024.08.13"]
[Round "4.35"]
[White "Muskewitz, Bernd"]
[Black "Kaushik, Siya"]
[Result "0-1"]
[WhiteElo "1927"]
[BlackElo "1608"]
[PlyCount "92"]
[EventDate "2024.08.10"]
[WhiteTeam "SF Nordost Berlin"]
[BlackTeam "vereinslos"]

1. e4 e6 2. d4 d5 3. Nd2 Be7 4. e5 c5 5. c3 cxd4 6. cxd4 Qb6 7. Nb3 a5 8. Nf3
a4 9. Nbd2 Bd7 10. Be2 Nc6 11. Nb1 Bb4+ 12. Nc3 a3 13. O-O Nge7 14. Nb5 Nxe5
15. Nxa3 Nxf3+ 16. Bxf3 Bxa3 17. bxa3 Nf5 18. Re1 Qxd4 19. Be3 Qxd1 20. Rexd1
Nxe3 21. fxe3 O-O 22. e4 Ba4 23. Rd2 dxe4 24. Bxe4 Bc6 25. Bxc6 bxc6 26. Rc1
Ra6 27. Rc3 Rfa8 28. h3 g6 29. Rdd3 c5 30. Rf3 Kg7 31. Rxc5 Rxa3 32. Rxa3 Rxa3
33. Rc2 h5 34. Kf1 f5 35. Ke1 e5 36. Kd1 e4 37. Kc1 Kf6 38. Kb2 Ra6 39. Kb3
Rb6+ 40. Ka4 e3 41. Ka5 Rd6 42. Re2 f4 43. a4 Rd2 44. Re1 Rxg2 45. Kb6 Rb2+ 46.
Kc6 e2 0-1

[Event "Lichtenberger Sommer 2024"]
[Site "Berlin"]
[Date "2024.08.13"]
[Round "4.36"]
[White "Teusch, Lucas"]
[Black "Fock, Madiha"]
[Result "0-1"]
[WhiteElo "1776"]
[BlackElo "1922"]
[PlyCount "82"]
[EventDate "2024.08.10"]
[WhiteTeam "Leegebrucher SF"]
[BlackTeam "TSG Oberschöneweide e.V."]

1. d4 Nf6 2. c4 g6 3. f3 d5 4. cxd5 Nxd5 5. e4 Nb6 6. Be3 Bg7 7. Nc3 O-O 8. Qd2
Nc6 9. O-O-O Na5 10. Bh6 Nac4 11. Bxc4 Nxc4 12. Qf4 Bxh6 13. Qxh6 Qd6 14. Kb1
Qb4 15. Qc1 c6 16. Nge2 a5 17. Nf4 a4 18. Nd3 Qa5 19. h4 b5 20. h5 b4 21. Qh6
g5 22. Nd5 cxd5 23. Qxg5+ Kh8 24. h6 Rg8 25. Qxe7 Qd8 26. Qxf7 b3 27. a3 dxe4
28. Nf4 Nd6 29. Qd5 Ra5 30. Qc6 Bb7 31. Qc3 Nb5 32. Qc5 Nd6 33. Qc3 Bd5 34. Rh5
exf3 35. Nxd5 Ne4 36. Qxf3 Rxd5 37. Rxd5 Qxd5 38. Ka1 Qc6 39. Re1 Re8 40. d5
Qxh6 41. Qf7 Qf8 0-1

[Event "Lichtenberger Sommer 2024"]
[Site "Berlin"]
[Date "2024.08.13"]
[Round "4.37"]
[White "Arikan, Yanki"]
[Black "Grillich, Alexander"]
[Result "0-1"]
[WhiteElo "1573"]
[BlackElo "1915"]
[PlyCount "68"]
[EventDate "2024.08.10"]
[WhiteTeam "vereinslos"]
[BlackTeam "SC Rochade e.V."]

1. e4 c5 2. Nc3 Nc6 3. Bb5 e6 4. Bxc6 dxc6 5. d3 b5 6. Be3 Nf6 7. f4 Be7 8. Nf3
Bb7 9. O-O O-O 10. h3 b4 11. Ne2 c4 12. Ne5 cxd3 13. cxd3 Nd7 14. Nc4 Nc5 15.
Nd4 Nxd3 16. Qxd3 c5 17. Rfd1 cxd4 18. Bxd4 f5 19. Qg3 Bf6 20. Bc5 Qc7 21. Bxf8
Qxc4 22. e5 Bxe5 23. fxe5 Rxf8 24. Rd7 Rf7 25. Rad1 Bd5 26. Rd8+ Rf8 27. Qg5
Rxd8 28. Qxd8+ Kf7 29. Qd7+ Kg6 30. Qe8+ Kh6 31. Qe7 Qe4 32. Kf2 Qxg2+ 33. Ke3
f4+ 34. Kd3 Qe4+ 0-1

[Event "Lichtenberger Sommer 2024"]
[Site "Berlin"]
[Date "2024.08.13"]
[Round "4.38"]
[White "Guder, Sibylle"]
[Black "Eroglu, Ilgin Deniz"]
[Result "1-0"]
[WhiteElo "1915"]
[BlackElo "1472"]
[PlyCount "111"]
[EventDate "2024.08.10"]
[WhiteTeam "SF Berlin 1903 e.V."]
[BlackTeam "Sampiyon Mersin"]

1. c4 e5 2. g3 Nc6 3. Bg2 Nf6 4. Nc3 a6 5. d3 h6 6. e3 Bc5 7. Nge2 O-O 8. O-O
d6 9. a3 a5 10. d4 exd4 11. exd4 Bb6 12. Be3 Bg4 13. Qd2 Qd7 14. Nf4 a4 15.
Ncd5 Nxd5 16. Nxd5 f6 17. Qd3 Bf5 18. Be4 Bxe4 19. Qxe4 f5 20. Qd3 Ne7 21.
Nxe7+ Qxe7 22. c5 dxc5 23. dxc5 Ba7 24. Qb5 Kh8 25. Rfe1 c6 26. Qb4 Qf7 27. Bf4
Qb3 28. Bd6 Rfe8 29. Qxb3 axb3 30. Rac1 Kh7 31. Kf1 Rxe1+ 32. Kxe1 Re8+ 33. Kf1
Bb8 34. Bxb8 Rxb8 35. Rc3 b5 36. Rxb3 Re8 37. Rd3 Kg8 38. Rd6 Rc8 39. Ke2 Rc7
40. Ke3 Kf7 41. h4 Re7+ 42. Kd2 Re6 43. Rd3 Kf6 44. b3 Re4 45. f3 Re5 46. Rd6+
Re6 47. Rxe6+ Kxe6 48. Kc3 g5 49. hxg5 hxg5 50. Kd4 g4 51. f4 Kf6 52. a4 Ke6
53. a5 Kd7 54. b4 Kc7 55. Ke5 Kd7 56. Kxf5 1-0

[Event "Lichtenberger Sommer 2024"]
[Site "Berlin"]
[Date "2024.08.13"]
[Round "4.39"]
[White "Hommel, Niclas"]
[Black "Thümler, Floris"]
[Result "1-0"]
[WhiteElo "2111"]
[BlackElo "1874"]
[PlyCount "53"]
[EventDate "2024.08.10"]
[WhiteTeam "TSG Oberschöneweide e.V."]
[BlackTeam "SV Königsjäger Süd-West e.V."]

1. e4 e5 2. Nf3 Nc6 3. Bc4 Nf6 4. d3 Be7 5. O-O d6 6. a4 O-O 7. Re1 Be6 8. Nbd2
Qd7 9. a5 a6 10. c3 Rfe8 11. Qb3 Rab8 12. Nf1 Bf8 13. Bg5 d5 14. exd5 Bxd5 15.
Bxf6 Bxf3 16. gxf3 gxf6 17. Ng3 f5 18. Nh5 Qe7 19. Kh1 Nd8 20. d4 e4 21. fxe4
fxe4 22. Bd5 Kh8 23. Rxe4 Ne6 24. Rae1 Qg5 25. Ng3 Qf6 26. Bxe6 fxe6 27. Kg2
1-0

[Event "Lichtenberger Sommer 2024"]
[Site "Berlin"]
[Date "2024.08.13"]
[Round "4.40"]
[White "Bornschein, Burkhard"]
[Black "Kretzschmar, Jan"]
[Result "0-1"]
[WhiteElo "1996"]
[BlackElo "1869"]
[PlyCount "102"]
[EventDate "2024.08.10"]
[WhiteTeam "BSC Rehberge 1945 e.V."]
[BlackTeam "SC Kreuzberg e.V."]

1. d4 Nf6 2. c4 e6 3. Nc3 Bb4 4. e3 O-O 5. Nge2 Nc6 6. a3 Bxc3+ 7. Nxc3 d6 8.
e4 e5 9. d5 Ne7 10. Bg5 Nd7 11. Be2 f6 12. Bh4 Ng6 13. Bg3 Rf7 14. Bh5 Ndf8 15.
Qd2 f5 16. f3 a6 17. b4 Bd7 18. Bf2 Rf6 19. O-O-O Qc8 20. g3 Ne7 21. f4 Nfg6
22. Be3 Kh8 23. h4 b5 24. c5 a5 25. Kb2 axb4 26. axb4 dxc5 27. Bxc5 fxe4 28.
Nxe4 Rfa6 29. Nc3 Qb7 30. Ra1 e4 31. Bxg6 Nxg6 32. h5 Nf8 33. h6 gxh6 34. Qd4+
Kg8 35. Nxe4 Kf7 36. Bxf8 Rxf8 37. Nc5 Rxa1 38. Rxa1 Qc8 39. Ra6 Kg8 40. Ne4
Qxa6 41. d6 Ra8 42. Qd5+ Kf8 43. Nc3 Qa1+ 44. Kc2 c6 45. Qd4 Kg8 46. Qf6 Ra2+
47. Kd3 Qf1+ 48. Ke3 Qf2+ 49. Ke4 Re2+ 50. Nxe2 Qxe2+ 51. Kd4 Qb2+ 0-1

[Event "Lichtenberger Sommer 2024"]
[Site "Berlin"]
[Date "2024.08.13"]
[Round "4.41"]
[White "Kutschke, Jens"]
[Black "Pröschild, Matthias"]
[Result "1-0"]
[WhiteElo "1965"]
[BlackElo "1867"]
[PlyCount "89"]
[EventDate "2024.08.10"]

1. e4 g6 2. d4 d6 3. Nc3 Bg7 4. Be3 Nc6 5. Be2 e5 6. dxe5 Nxe5 7. f4 Nc6 8. Qd2
Nf6 9. O-O-O Qe7 10. Bf3 O-O 11. Nge2 Bg4 12. Nd4 Bxf3 13. gxf3 Qd7 14. h4 Nh5
15. f5 Ne5 16. Bh6 Nc4 17. Qg5 f6 18. Qxh5 gxh5 19. Rhg1 Ne5 20. Rxg7+ Qxg7 21.
Bxg7 Kxg7 22. Ne6+ Kf7 23. Nxf8 Rxf8 24. f4 Ng4 25. Nb5 Re8 26. Nxc7 Rxe4 27.
Rxd6 Rxf4 28. Rd7+ Kg8 29. Ne6 Rxf5 30. Rg7+ Kh8 31. Rxb7 h6 32. Rxa7 Rf2 33.
b4 Ne3 34. Rc7 f5 35. b5 Rf1+ 36. Kb2 Nd1+ 37. Kb3 Rf3+ 38. Kb4 Ne3 39. c4 Nc2+
40. Kc5 Re3 41. Nf4 Ra3 42. b6 Ra5+ 43. Kd6 Na3 44. b7 Ra6+ 45. Kc5 1-0

[Event "Lichtenberger Sommer 2024"]
[Site "Berlin"]
[Date "2024.08.13"]
[Round "4.42"]
[White "Regel, Michael"]
[Black "Schäfer, Heiko"]
[Result "0-1"]
[WhiteElo "1804"]
[BlackElo "1962"]
[PlyCount "58"]
[EventDate "2024.08.10"]
[WhiteTeam "SC Friesen Lichtenberg e.V."]
[BlackTeam "Potsdamer SV Mitte e.V."]

1. e4 e6 2. d3 d5 3. Nd2 Nf6 4. Ngf3 Nc6 5. g3 dxe4 6. dxe4 Bc5 7. Bg2 a5 8.
O-O e5 9. c3 O-O 10. Qe2 b6 11. Nb3 Ba6 12. c4 Bd6 13. Rd1 a4 14. Nbd2 Qe7 15.
Bf1 Bc5 16. Nb1 Ng4 17. Be3 Bxe3 18. fxe3 Qc5 19. Re1 Rfd8 20. Nc3 Na5 21. Nxa4
Qxc4 22. Qxc4 Bxc4 23. h3 Bxf1 24. Kxf1 Nf6 25. Nc3 Nc4 26. Re2 Rd3 27. Kf2
Nxb2 28. Rc1 Rxc3 29. Rxc3 Nd1+ 0-1

[Event "Lichtenberger Sommer 2024"]
[Site "Berlin"]
[Date "2024.08.13"]
[Round "4.43"]
[White "Schmidt, Florian Pascal"]
[Black "Kapr, Klaus"]
[Result "1-0"]
[WhiteElo "1959"]
[BlackElo "1862"]
[PlyCount "57"]
[EventDate "2024.08.10"]
[WhiteTeam "BSV 63 Chemie Weißensee"]
[BlackTeam "SC Friesen Lichtenberg e.V."]

1. e4 Nc6 2. d4 d5 3. e5 Bf5 4. Nf3 e6 5. Bd3 Nge7 6. O-O Qd7 7. c3 f6 8. Re1
fxe5 9. Nxe5 Nxe5 10. Rxe5 Ng6 11. Re1 Be7 12. Bxf5 exf5 13. Bg5 O-O-O 14. Bxe7
Nxe7 15. Nd2 Ng6 16. Nb3 Rhe8 17. Qf3 Kb8 18. Nc5 Qf7 19. a4 b6 20. Na6+ Kb7
21. Nb4 Rxe1+ 22. Rxe1 c6 23. Qe2 Rd6 24. h3 Qd7 25. a5 b5 26. Nd3 Kc7 27. Nc5
Qf7 28. Qe8 Qf8 29. Ne6+ 1-0

[Event "Lichtenberger Sommer 2024"]
[Site "Berlin"]
[Date "2024.08.13"]
[Round "4.44"]
[White "Argote, Carlos David"]
[Black "Potgieter, Edward"]
[Result "1/2-1/2"]
[WhiteElo "1941"]
[BlackElo "1848"]
[PlyCount "72"]
[EventDate "2024.08.10"]
[BlackTeam "Johannesburg Metro Chess"]

1. e4 e5 2. Nf3 Nc6 3. Bc4 Bc5 4. c3 Nf6 5. d4 exd4 6. e5 d5 7. Bb5 Ne4 8. cxd4
Bb6 9. Nc3 Bg4 10. Be3 O-O 11. h3 Bh5 12. Rc1 Ne7 13. Qc2 Bg6 14. Bd3 Nxc3 15.
bxc3 Qd7 16. Nh4 Bxd3 17. Qxd3 f6 18. f4 fxe5 19. fxe5 Nf5 20. Nxf5 Rxf5 21.
Bf2 Raf8 22. O-O Qf7 23. Be3 Rxf1+ 24. Rxf1 Qxf1+ 25. Qxf1 Rxf1+ 26. Kxf1 Ba5
27. Bd2 c5 28. Ke2 Kf7 29. Kd3 c4+ 30. Kc2 b5 31. g4 Bd8 32. Kb2 Ke6 33. a4 a6
34. axb5 axb5 35. Ka2 Be7 36. Kb2 g6 1/2-1/2